Η εικόνα ως πηγή επικοινωνίας και μέσο διδασκαλίας στην πρωτοβάθμια και δευτεροβάθμια εκπαίδευση : διπλωματική εργασία [διδακτορική εργασία]

Αποθηκεύτηκε σε:
Λεπτομέρειες βιβλιογραφικής εγγραφής
Κύριος συγγραφέας: Φουτσιτζή, Αρχοντία Αθ
Συγγραφή απο Οργανισμό/Αρχή: Πανεπιστήμιο Αιγαίου Σχολή Ανθρωπιστικών Επιστημών Τμήμα Επιστημών της Προσχολικής Αγωγής και του Εκπαιδευτικού Σχεδιασμού
Άλλοι συγγραφείς: Φώκιαλη, Περσεφόνη (dgsf [Επιβλέπουσα καθηγήτρια])
Μορφή: Thesis Βιβλίο
Γλώσσα:Greek
Δημοσίευση: 2014.
Θέματα:
Διαθέσιμο Online:http://hdl.handle.net/11610/10935
Ετικέτες: Προσθήκη ετικέτας
Δεν υπάρχουν, Καταχωρήστε ετικέτα πρώτοι!

MARC

LEADER 00000cam a2200000 a 4500
001 1/107143
008 150625s2014####gr | ||| |||| ||gre||
040 |a GR-MyUa  |b gre  |c GR-MyUa  |e AACR2 
041 0 |a gre 
082 7 |a 371.33   |2 (23) 
100 1 |a Φουτσιτζή, Αρχοντία Αθ. 
245 1 2 |a Η εικόνα ως πηγή επικοινωνίας και μέσο διδασκαλίας στην πρωτοβάθμια και δευτεροβάθμια εκπαίδευση :   |b διπλωματική εργασία [διδακτορική εργασία] /   |c Φουτσίτζη Αρχοντία Αθ ; επιβλέπουσα καθηγήτρια Φώκιαλη Περσεφόνη.  
260 |c 2014.  
300 |a 210 σ. :   |b πιν. ;   |c 30 εκ.  
502 # # |a Διατριβή (διδακτορική) – Πανεπιστήμιο Αιγαίου, Ρόδος, 2014. 
504 |a Βιβλιογραφία: σ. 161-184.  
506 1 |a Διάθεση μόνο λέξεων κλειδιών περιλήψεων.  
540 |a Να δημοσιευθεί μετά τις 17/03/2018.  
650 0 |a Educational technology. 
650 0 |a Education  |x Data processing. 
650 0 |a Teaching  |x Aids and devices. 
650 0 |a Audio-visual education. 
650 0 |a Teaching machines. 
650 0 |a Interactive multimedia. 
700 1 |a Φώκιαλη, Περσεφόνη,  |e dgsf [Επιβλέπουσα καθηγήτρια] 
710 2 |a Πανεπιστήμιο Αιγαίου  |b Σχολή Ανθρωπιστικών Επιστημών  |b Τμήμα Επιστημών της Προσχολικής Αγωγής και του Εκπαιδευτικού Σχεδιασμού. 
852 |a INST  |b RHODES  |c DIATR  |e 20150625  |h 371.33 ΦΟΥ  |p 005400037850  |q 005400037850  |t PHD  |y 23 
852 |a INST  |b RHODES  |c DIATR  |e 20150625  |h 371.33 ΦΟΥ  |p 005400037851  |q 005400037851  |t PHD  |y 23 
856 |u http://hdl.handle.net/11610/10935 
924 |a Φουτσιτζή   |b Αρχοντία Αθ   |y Ρόδος  |z 2015-03  
970 |z 25-06-2015